000 00579nam a22002297a 4500
003 UA-OsUOA
001 92208
007 ta
008 20121211b un ||||| |||| 00| 0 ukr d
100 _aЯворівський В.
090 _a821.161.2
_bЯ22
942 _cBK
040 _aUA-OsUOA
_bukr
_cUA-OsUOA
_dUA-OsUOA
245 _aА тепер - іди
_bроман
300 _a205 с.
955 _a3
041 _aukr
080 _a821.161.2
260 _aК.
_c1983
650 7 _a82 Література. Літературознавство
_2UDC
999 _c378422
_d378422